000 00426nam a2200121Ia 4500
008 220616s9999||||xx |||||||||||||| ||und||
100 _aAidy Ali
245 0 _aAdvanced Engineering Testing
546 _aEnglish[eng]
650 _aEngineering Mechanics||Engineering||Physical Sciences||Engineering and Technology||Mechanical Engineering
856 _uhttps://www.intechopen.com/books/advanced-engineering-testing
942 _cEB
999 _c20018
_d20018